Criminal countries - Statistics

General Stats
  • This quiz has been taken 269 times
  • The average score is 5 of 20
Answer Stats
Prisoners Country % Correct
730 United States
98%
522 Russia
80%
333 Iran
55%
338 Ukraine
44%
331 Thailand
30%
381 Belarus
28%
391 El Salvador
27%
349 Panama
21%
415 Belize
17%
356 Dominica
14%
382 Bahamas
11%
354 Barbados
10%
536 Georgia
10%
330 Antigua and Barbuda
9%
402 Grenada
8%
450 Rwanda
7%
378 Palau
5%
649 Saint Kitts and Nevis
2%
507 Seychelles
2%
379 Saint Vincent and the Grenadines
1%
No matching quizzes found
Score Distribution
Percent of People with Each Score
Percentile by Number Answered
Your Score History
You have not taken this quiz